00350nam a2200133Ia 4500008004100000020001500041041001200056082001100068100001900079245006700098260003000165300000600195650001500201221030s9999 xx 000 0 und d a8187336269 aEnglish a105.23 aP. C. Salpekar 0aDominant`s Advanced Dictionary of Chemistrycby P. C. Salpekar bDominant PubaIndiac1999 a0 aDictionary